00423nam a2200157 a 450000100060000000300090000600800410001502000150005604000280007108200160009910000330011524500360014826000470018430000110023165000230024217278CO-ViMGA141112s2004 ck r 000 u spa d a8482361597 aCO-ViMGAbspacCO-ViMGA04a930.9 C171g1 aCarbonell, Charles - Olivier10aLas grandes fechas del siglo XX aBarcelona (España), cIdea Books, c2000 a120.p.14aHISTORIA UNIVERSAL